[Event "Washington op 3rd"]
[Site "Rockville"]
[Date "2014.08.11"]
[Round "5"]
[White "Margvelashvili, Giorgi"]
[Black "Harmon, Leland"]
[Result "1-0"]
[WhiteElo "2556"]
[BlackElo "2407"]
[PlyCount "71"]
[EventDate "2014.08.09"]
[EventType "swiss"]
[EventRounds "9"]
[EventCountry "USA"]
[SourceTitle "CBM 161 Extra"]
[Source "ChessBase"]
[SourceDate "2014.08.29"]
[SourceVersion "1"]
[SourceVersionDate "2014.08.29"]
[SourceQuality "1"]

1. d4 Nf6 2. c4 e6 3. Nf3 b6 4. e3 Bb7 5. Bd3 Be7 6. 0-0 0-0 7. Nc3 d5 8. cxd5 exd5 9. b3 Nbd7 10. Bb2 a6 11. Rc1 Bd6 12. Ne2 Re8 13. Qc2 Rc8 14. Ng3 Ne4 15. Qe2 Ra8 16. Rc2 Qf6 17. Rfc1 Re7 18. Nd2 Nxg3 19. hxg3 Qh6 20. Nf3 Nf6 21. Ne5 Bc8 22. Qf3 Be6 23. Qf4 g5 24. Qf3 Bxe5 25. dxe5 Ng4 26. Rc6 Qh2+ 27. Kf1 h5 28. Ke1 Rd8 29. Bd4 a5 30. Kd2 Ra8 31. Rf1 a4 32. b4 a3 33. Rcc1 c5 34. Rh1 Qxh1 35. Rxh1 cxd4 36. exd4 1-0

[Event "USA tt"]
[Site "ICC INT"]
[Date "2013.09.25"]
[Round "5"]
[White "Altounian, Levon"]
[Black "Harmon, Leland"]
[Result "1/2-1/2"]
[WhiteElo "2438"]
[BlackElo "2399"]
[PlyCount "140"]
[EventDate "2013.08.27"]
[EventType "team-tourn"]
[EventRounds "10"]
[EventCountry "USA"]
[SourceTitle "CBM 156 Extra"]
[Source "ChessBase"]
[SourceDate "2013.10.22"]
[SourceVersion "1"]
[SourceVersionDate "2013.10.22"]
[SourceQuality "1"]
[WhiteTeam "Arizona"]
[BlackTeam "Los Angeles"]
[WhiteTeamCountry "USA"]
[BlackTeamCountry "USA"]

1. Nf3 Nf6 2. c4 e6 3. g3 a6 4. Bg2 b5 5. b3 Bb7 6. Nc3 b4 7. Na4 Be7 8. d4 0-0 9. 0-0 d6 10. Bf4 Nbd7 11. a3 a5 12. Qd3 Qc8 13. axb4 axb4 14. Nd2 Bxg2 15. Kxg2 Qb7+ 16. Qf3 Qxf3+ 17. Kxf3 Ra5 18. Nb2 Rfa8 19. Rxa5 Rxa5 20. Na4 g5 21. Be3 h6 22. h3 Nb6 23. Nxb6 cxb6 24. Rb1 Ra2 25. g4 d5 26. Rc1 Kh7 27. cxd5 Nxd5 28. Ke4 Nc3+ 29. Kd3 f5 30. f3 Kg6 31. Bf2 f4 32. e3 fxe3 33. Bxe3 b5 34. Ne4 Nd5 35. Rc6 Kf7 36. Nd2 Ra1 37. Rc8 Re1 38. Bf2 Nf4+ 39. Kc2 Re2 40. Bg3 Nd5 41. Be5 Bf6 42. Bxf6 Kxf6 43. Rf8+ Kg6 44. Rg8+ Kf7 45. Rh8 Kg7 46. Re8 Re3 47. Ne4 Rxf3 48. Rxe6 Rxh3 49. Nd6 Rh2+ 50. Kc1 Rg2 51. Nf5+ Kf7 52. Rd6 Nf4 53. Nxh6+ Ke7 54. Nf5+ Ke8 55. Nh6 Ke7 56. Nf5+ Ke8 57. Nh6 Nd3+ 58. Kd1 Nb2+ 59. Kc1 Nd3+ 60. Kd1 Rb2 61. Rd5 Nf2+ 62. Ke1 Nd3+ 63. Kd1 Rxb3 64. Rxg5 Rb2 65. Rxb5 Nf2+ 66. Kc1 Nd3+ 67. Kd1 b3 68. g5 Nf2+ 69. Kc1 Nd3+ 70. Kd1 Nf2+ 1/2-1/2

[Event "Washington op 2nd"]
[Site "Rockville"]
[Date "2013.08.09"]
[Round "7"]
[White "Harmon, Leland"]
[Black "Shetty, Atulya"]
[Result "1/2-1/2"]
[WhiteElo "2399"]
[BlackElo "2341"]
[PlyCount "117"]
[EventDate "2013.08.06"]
[EventType "swiss"]
[EventRounds "9"]
[EventCountry "USA"]
[SourceTitle "EXT 2014"]
[Source "ChessBase"]
[SourceDate "2013.11.20"]
[SourceVersion "1"]
[SourceVersionDate "2013.11.20"]
[SourceQuality "1"]

1. d4 d5 2. c4 c6 3. Nc3 Nf6 4. Nf3 a6 5. e3 e6 6. b3 Bb4 7. Bd2 Nbd7 8. Bd3 0-0 9. 0-0 Bd6 10. Qc2 e5 11. dxe5 Nxe5 12. Nxe5 Bxe5 13. cxd5 cxd5 14. Rad1 Bg4 15. f3 Bh5 16. Ne2 Rc8 17. Qb1 Bg6 18. Bxg6 hxg6 19. Qd3 Re8 20. Rc1 Qd7 21. Rfd1 g5 22. Rxc8 Qxc8 23. h3 Qe6 24. Kf2 Rc8 25. Rc1 Rc6 26. Rxc6 Qxc6 27. Bc3 Qd6 28. Bxe5 Qxe5 29. Qc3 Qf5 30. Qc1 Qd7 31. Nd4 Ne8 32. Qc5 Nc7 33. Nf5 Qxf5 34. Qxc7 Qb1 35. Qc8+ Kh7 36. Qxb7 Qxa2+ 37. Kg3 Qd2 38. Qxf7 Qe1+ 39. Kh2 Qxe3 40. Qxd5 Qf4+ 41. g3 Qc1 42. h4 gxh4 43. gxh4 Qf1 44. Qe4+ Kg8 45. Qe3 Qb5 46. Kg3 Qf1 47. Kf4 Qh1 48. Qe8+ Kh7 49. Qe4+ Kh8 50. Ke5 Qh2+ 51. Ke6 Qb8 52. Qc4 Qe8+ 53. Kd5 Qh5+ 54. Kc6 Qxf3+ 55. Kb6 Qf6+ 56. Ka7 a5 57. h5 Kh7 58. Qb5 Kh6 59. Qb7 1/2-1/2

[Event "Las Vegas National op"]
[Site "Las Vegas"]
[Date "2013.06.08"]
[Round "4"]
[White "Ramirez Alvarez, Alejandro"]
[Black "Harmon, Leland"]
[Result "1-0"]
[WhiteElo "2574"]
[BlackElo "2340"]
[PlyCount "85"]
[EventDate "2013.06.07"]
[EventType "swiss"]
[EventRounds "6"]
[EventCountry "USA"]
[SourceTitle "CBM 154 Extra"]
[Source "ChessBase"]
[SourceDate "2013.06.25"]
[SourceVersion "2"]
[SourceVersionDate "2013.06.25"]
[SourceQuality "1"]

1. Nf3 Nf6 2. c4 e6 3. g3 b6 4. Bg2 Bb7 5. 0-0 Be7 6. b3 0-0 7. Nc3 c5 8. Bb2 d5 9. e3 Nbd7 10. Qe2 a6 11. Rfd1 Rc8 12. cxd5 exd5 13. d4 Re8 14. Rac1 Bf8 15. dxc5 bxc5 16. Qc2 Qc7 17. Nh4 Nb6 18. Ne2 Ne4 19. Nf4 Rcd8 20. Nf5 f6 21. Nd4 Qf7 22. Nde6 Rc8 23. Nxf8 Kxf8 24. f3 Ng5 25. h4 Ne6 26. Qxh7 Nxf4 27. exf4 Re2 28. Rc2 Qe7 29. Qd3 Rxc2 30. Qxc2 d4 31. Ba3 Kg8 32. Qf2 Qf7 33. Rc1 Qd5 34. Bh3 Rc7 35. Qe2 Kf8 36. Re1 Bc6 37. Be6 Qd6 38. Qc2 Bd5 39. Bg4 Bf7 40. Qh7 Bg8 41. Qh5 Bf7 42. Qh8+ Bg8 43. Be6 1-0

[Event "North American op 22nd"]
[Site "Las Vegas"]
[Date "2012.12.28"]
[Round "6"]
[White "Gelashvili, Tamaz"]
[Black "Harmon, Leland"]
[Result "1/2-1/2"]
[WhiteElo "2566"]
[BlackElo "2338"]
[PlyCount "144"]
[EventDate "2012.12.26"]
[EventType "swiss"]
[EventRounds "9"]
[EventCountry "USA"]
[SourceTitle "CBM 152 Extra"]
[Source "ChessBase"]
[SourceDate "2013.02.25"]
[SourceVersion "1"]
[SourceVersionDate "2013.02.25"]
[SourceQuality "1"]

1. d4 Nf6 2. Nf3 e6 3. e3 b6 4. Bd3 Bb7 5. 0-0 Be7 6. c4 0-0 7. Nc3 d5 8. b3 Nbd7 9. Bb2 c5 10. cxd5 exd5 11. Qe2 Bd6 12. Rfd1 Re8 13. Ba6 Qc8 14. Bxb7 Qxb7 15. dxc5 bxc5 16. Qd3 c4 17. Qf5 Be5 18. Nxe5 Rxe5 19. Qf3 cxb3 20. Ne2 Ree8 21. axb3 Qxb3 22. Bd4 a5 23. Ng3 Qc2 24. Nf5 Qe4 25. Qh3 Qe6 26. g4 Reb8 27. Rdc1 Rc8 28. Rxc8+ Rxc8 29. Qf3 Ra8 30. h3 h6 31. Qf4 a4 32. Nxh6+ gxh6 33. Qxh6 a3 34. g5 Qf5 35. gxf6 Qg6+ 36. Qxg6+ fxg6 37. Ra2 Kf7 38. Kg2 Ke6 39. Kf3 Nxf6 40. Bc5 Ne4 41. Rxa3 Rxa3 42. Bxa3 Kf5 43. Kg2 Ng5 44. f3 Ne6 45. Bd6 Ng5 46. Be7 Ne6 47. Kf2 Ke5 48. Ba3 Kf5 49. Ke2 Ke5 50. Kd3 Kf5 51. Be7 Ke5 52. h4 Kf5 53. Bd6 Kf6 54. Ba3 Ke5 55. Bb2+ Kf5 56. Bc3 Nd8 57. e4+ dxe4+ 58. fxe4+ Ke6 59. Ba5 Nc6 60. Bc7 Kd7 61. Bb6 Ne5+ 62. Ke2 Ke6 63. Kf2 Kf7 64. Bc7 Nd3+ 65. Ke3 Nc5 66. Bf4 Ne6 67. Bg5 Ng7 68. Kd4 Ne6+ 69. Kd5 Nc7+ 70. Kd6 Ne6 71. Bh6 Nd4 72. Bc1 Ne6 1/2-1/2

[Event "North American op 22nd"]
[Site "Las Vegas"]
[Date "2012.12.28"]
[Round "5"]
[White "Harmon, Leland"]
[Black "Matikozian, Andranik"]
[Result "1/2-1/2"]
[WhiteElo "2338"]
[BlackElo "2426"]
[PlyCount "85"]
[EventDate "2012.12.26"]
[EventType "swiss"]
[EventRounds "9"]
[EventCountry "USA"]
[SourceTitle "CBM 152 Extra"]
[Source "ChessBase"]
[SourceDate "2013.02.25"]
[SourceVersion "1"]
[SourceVersionDate "2013.02.25"]
[SourceQuality "1"]

1. d4 Nf6 2. c4 c5 3. d5 e6 4. Nc3 exd5 5. cxd5 d6 6. e4 g6 7. f4 Bg7 8. Nf3 0-0 9. Be2 Bg4 10. 0-0 Nbd7 11. h3 Bxf3 12. Bxf3 Re8 13. Re1 Qa5 14. Qb3 Rab8 15. a4 b5 16. Bd2 c4 17. Qc2 b4 18. Nb5 a6 19. Nxd6 Qc5+ 20. Be3 Qxd6 21. e5 Nxe5 22. fxe5 Rxe5 23. Qxc4 Nd7 24. Qc6 Qe7 25. d6 Qh4 26. Qxd7 Rxe3 27. Rxe3 Bd4 28. Qe7 Qxe7 29. dxe7 Bxe3+ 30. Kf1 Re8 31. Rd1 Rxe7 32. a5 Re5 33. Rd5 Rxd5 34. Bxd5 Bf4 35. Bc4 Bc7 36. Bxa6 Bxa5 37. b3 Kg7 38. Ke2 Kf6 39. Kf3 Ke5 40. Bc4 f5 41. g4 f4 42. Bg8 h6 43. Bf7 1/2-1/2

[Event "Los Angeles Metropolitan 22nd"]
[Site "Los Angeles"]
[Date "2012.08.17"]
[Round "7"]
[White "Pruess, David"]
[Black "Harmon, Leland"]
[Result "0-1"]
[WhiteElo "2375"]
[BlackElo "2297"]
[PlyCount "92"]
[EventDate "2012.08.14"]
[EventType "swiss"]
[EventRounds "9"]
[EventCountry "USA"]
[SourceTitle "CBM 150 Extra"]
[Source "ChessBase"]
[SourceDate "2012.10.19"]
[SourceVersion "1"]
[SourceVersionDate "2012.10.19"]
[SourceQuality "1"]

1. d4 Nf6 2. c4 e6 3. Nf3 b6 4. g3 Bb7 5. Bg2 Be7 6. 0-0 0-0 7. b3 d6 8. Bb2 Nbd7 9. Qc2 c5 10. Nc3 cxd4 11. Nxd4 Bxg2 12. Kxg2 Rc8 13. Qd3 a6 14. Rad1 Qc7 15. Rfe1 Rfd8 16. f4 Nc5 17. Qf3 d5 18. cxd5 Nxd5 19. Nxd5 Rxd5 20. f5 Qd7 21. e4 Rd6 22. e5 Rd5 23. f6 Bf8 24. Nf5 Nd3 25. fxg7 Nxe1+ 26. Rxe1 Rc2+ 27. Kh1 exf5 28. gxf8Q+ Kxf8 29. Ba3+ Ke8 30. Bc1 Qc6 31. Bf4 Rdc5 32. Qxc6+ Rxc6 33. a4 Rb2 34. Rd1 Rcc2 35. h4 Ke7 36. Kg1 Rg2+ 37. Kf1 Rbf2+ 38. Ke1 Rg1+ 39. Kxf2 Rxd1 40. Be3 b5 41. axb5 axb5 42. Kf3 Ke6 43. Kf4 Rb1 44. Kg5 Rxb3 45. Bf4 b4 46. Kh6 Rxg3 0-1

[Event "Los Angeles Metropolitan 22nd"]
[Site "Los Angeles"]
[Date "2012.08.15"]
[Round "2"]
[White "Harmon, Leland"]
[Black "Ippolito, Dean"]
[Result "1-0"]
[WhiteElo "2297"]
[BlackElo "2448"]
[PlyCount "109"]
[EventDate "2012.08.14"]
[EventType "swiss"]
[EventRounds "9"]
[EventCountry "USA"]
[SourceTitle "CBM 150 Extra"]
[Source "ChessBase"]
[SourceDate "2012.10.19"]
[SourceVersion "1"]
[SourceVersionDate "2012.10.19"]
[SourceQuality "1"]

1. d4 Nf6 2. c4 e6 3. Nc3 Bb4 4. Qc2 d5 5. cxd5 exd5 6. Bg5 h6 7. Bh4 c5 8. e3 Nbd7 9. Nf3 Qa5 10. Bd3 c4 11. Bf5 0-0 12. 0-0 Bxc3 13. bxc3 Re8 14. Nd2 b6 15. Rfe1 Bb7 16. f3 Bc6 17. a4 g5 18. Bg3 Nh5 19. Bd6 Nf8 20. e4 Qa6 21. e5 Ng7 22. Nf1 Nxf5 23. Qxf5 Bd7 24. Qc2 Qc8 25. Ne3 Be6 26. g3 Ng6 27. Rf1 Kh8 28. f4 gxf4 29. gxf4 Bh3 30. Rf2 f5 31. Qe2 Rg8 32. Kh1 Kh7 33. Qh5 Bg4 34. Nxg4 fxg4 35. f5 Nf8 36. e6 Rg5 37. Qh4 Qe8 38. Bf4 Rxf5 39. Qxh6+ Kg8 40. Be5 Rxe5 41. dxe5 Qg6 42. Qxg6+ Nxg6 43. Rg1 Re8 44. Rxg4 Rxe6 45. Rg3 a6 46. h4 Kh7 47. Rf6 Rxf6 48. exf6 d4 49. f7 Nf8 50. cxd4 b5 51. axb5 axb5 52. Rg8 Nd7 53. f8Q Nxf8 54. Rxf8 c3 55. Rc8 1-0

[Event "Los Angeles Metropolitan 22nd"]
[Site "Los Angeles"]
[Date "2012.08.14"]
[Round "1"]
[White "Shitsuka, Rabbith"]
[Black "Harmon, Leland"]
[Result "0-1"]
[WhiteElo "1966"]
[BlackElo "2297"]
[PlyCount "68"]
[EventDate "2012.08.14"]
[EventType "swiss"]
[EventRounds "9"]
[EventCountry "USA"]
[SourceTitle "CBM 150 Extra"]
[Source "ChessBase"]
[SourceDate "2012.10.19"]
[SourceVersion "1"]
[SourceVersionDate "2012.10.19"]
[SourceQuality "1"]

1. d4 Nf6 2. c4 e6 3. Nc3 Bb4 4. Qc2 0-0 5. a3 Bxc3+ 6. bxc3 c5 7. Nf3 Nc6 8. e3 d6 9. Bd3 e5 10. d5 Ne7 11. 0-0 Ng6 12. Rb1 Nh5 13. Bf5 b6 14. Bxc8 Qxc8 15. e4 Ngf4 16. Bxf4 Nxf4 17. Ne1 f5 18. exf5 Qxf5 19. Qxf5 Ne2+ 20. Kh1 Rxf5 21. f3 Nxc3 22. Nd3 Nxb1 23. Rxb1 Raf8 24. Nf2 Rf4 25. Ne4 Rxe4 26. fxe4 Rf4 27. Re1 Rf2 28. h3 Rc2 29. Re3 Rxc4 30. Kh2 b5 31. Kg3 a5 32. Kf3 a4 33. Kg4 b4 34. Kf5 Kf7 0-1

[Event "World op 40th"]
[Site "Philadelphia"]
[Date "2012.07.06"]
[Round "4"]
[White "Harmon, Leland"]
[Black "Shabalov, Alexander"]
[Result "0-1"]
[WhiteElo "2265"]
[BlackElo "2534"]
[PlyCount "110"]
[EventDate "2012.07.03"]
[EventType "swiss"]
[EventRounds "9"]
[EventCountry "USA"]
[SourceTitle "CBM 149 Extra"]
[Source "ChessBase"]
[SourceDate "2012.08.24"]
[SourceVersion "1"]
[SourceVersionDate "2012.08.24"]
[SourceQuality "1"]

1. d4 Nf6 2. c4 e6 3. Nc3 Bb4 4. Qc2 0-0 5. a3 Bxc3+ 6. Qxc3 Qe8 7. f3 d6 8. e4 e5 9. d5 a5 10. b3 c6 11. Bd3 b5 12. Bg5 bxc4 13. bxc4 Nfd7 14. Ne2 Nc5 15. 0-0 Ba6 16. Be3 Nxd3 17. Qxd3 cxd5 18. Qxd5 Qc6 19. Qxa5 Bxc4 20. Qd2 Qa6 21. Rfe1 Nc6 22. Nc3 Na5 23. Qf2 Nb3 24. Rad1 Qxa3 25. Nd5 Bxd5 26. Rxd5 Rfc8 27. Red1 Rc6 28. f4 f6 29. fxe5 dxe5 30. Rd8+ Rxd8 31. Rxd8+ Kf7 32. Qf5 Qa1+ 33. Kf2 Rc2+ 34. Kg3 Qe1+ 35. Bf2 Qc3+ 36. Kh4 Qc6 37. Rd7+ Kf8 38. Rd8+ Ke7 39. Rg8 g6 40. Qf3 Rc3 41. Qg4 Rc4 42. Qf3 Kf7 43. Rd8 Qxe4+ 44. Qxe4 Rxe4+ 45. Kg3 h5 46. Kf3 Rc4 47. Rd6 g5 48. h3 Rc2 49. Be3 Na5 50. g4 Nc4 51. Rd3 h4 52. Bg1 Ke6 53. Rd8 Nd6 54. Ra8 e4+ 55. Ke3 Rg2 0-1

[Event "Philadelphia op"]
[Site "Philadelphia"]
[Date "2011.04.24"]
[Round "8"]
[White "Becerra Rivero, Julio"]
[Black "Harmon, Leland"]
[Result "1-0"]
[WhiteElo "2549"]
[BlackElo "2128"]
[PlyCount "81"]
[EventDate "2011.04.20"]
[EventType "swiss"]
[EventRounds "9"]
[EventCountry "USA"]
[SourceTitle "CBM 141 Extra"]
[Source "ChessBase"]
[SourceDate "2011.05.03"]
[SourceVersion "1"]
[SourceVersionDate "2011.05.03"]
[SourceQuality "1"]

1. e4 e6 2. d4 d5 3. Nc3 Bb4 4. exd5 exd5 5. Bd3 Nc6 6. a3 Bxc3+ 7. bxc3 Nf6 8. Ne2 0-0 9. f3 Re8 10. 0-0 Ne7 11. Ng3 Qd6 12. Re1 Bd7 13. Be3 b6 14. Qd2 c5 15. dxc5 bxc5 16. c4 d4 17. c3 Qb6 18. cxd4 cxd4 19. Bf2 Be6 20. Rab1 Qd6 21. Qb4 Red8 22. Red1 Nc6 23. Qxd6 Rxd6 24. c5 Rd5 25. Ne4 Nd7 26. Bb5 Ndb8 27. Bg3 Na5 28. Bd6 Nbc6 29. Bd3 h6 30. Ng3 f5 31. Nh5 g6 32. Nf6+ Kf7 33. Nxd5 Bxd5 34. Bb5 Kf6 35. Bc7 a6 36. Ba4 Rc8 37. Bxa5 Nxa5 38. Rb6+ Ke5 39. Re1+ Kf4 40. Rxg6 Nb3 41. Kf2 1-0

[Event "Philadelphia op"]
[Site "Philadelphia"]
[Date "2011.04.22"]
[Round "5"]
[White "Arnold, Marc Tyler"]
[Black "Harmon, Leland"]
[Result "1/2-1/2"]
[WhiteElo "2435"]
[BlackElo "2128"]
[PlyCount "108"]
[EventDate "2011.04.20"]
[EventType "swiss"]
[EventRounds "9"]
[EventCountry "USA"]
[SourceTitle "CBM 141 Extra"]
[Source "ChessBase"]
[SourceDate "2011.05.03"]
[SourceVersion "1"]
[SourceVersionDate "2011.05.03"]
[SourceQuality "1"]

1. d4 Nf6 2. c4 e6 3. Nf3 b6 4. Nc3 Bb4 5. Bg5 Bb7 6. e3 0-0 7. Bd3 d5 8. cxd5 exd5 9. Ne5 c5 10. 0-0 cxd4 11. exd4 Nc6 12. Qa4 Bxc3 13. bxc3 Qd6 14. Bxf6 gxf6 15. Ng4 Kg7 16. Qd1 Bc8 17. Ne3 Ne7 18. Qh5 h6 19. f4 Bd7 20. Rf3 Rh8 21. Bf5 Nxf5 22. Qxf5 Kf8 23. Qh5 Rc8 24. Ng4 Bxg4 25. Qxg4 Qe6 26. f5 Qe2 27. Qf4 Qe7 28. Re3 Qc7 29. Qh4 Qd6 30. Rae1 Rh7 31. Qh5 Qf4 32. Qe2 Qxf5 33. Rf3 Qe6 34. Qxe6 fxe6 35. Rxf6+ Rf7 36. Rxh6 Rxc3 37. Rhxe6 Rd3 38. h4 Rxd4 39. h5 Rh4 40. R1e5 d4 41. g3 Rg4 42. Kg2 Kg8 43. Re7 Rxe7 44. Rxe7 Rg5 45. h6 Rh5 46. h7+ Rxh7 47. Rxh7 Kxh7 48. Kf3 Kg6 49. Ke4 Kg5 50. Kxd4 Kg4 51. Kd5 Kxg3 52. Kc6 Kf4 53. Kb7 Ke5 54. Kxa7 b5 1/2-1/2

[Event "Las Vegas National op"]
[Site "Las Vegas"]
[Date "2010.06.13"]
[Round "5"]
[White "Kavutskiy, Konstantin"]
[Black "Harmon, Leland"]
[Result "0-1"]
[WhiteElo "2132"]
[BlackElo "2062"]
[PlyCount "104"]
[EventDate "2010.06.11"]
[EventType "swiss"]
[EventRounds "6"]
[EventCountry "USA"]
[SourceTitle "CBM 136 Extra"]
[Source "ChessBase"]
[SourceDate "2010.07.02"]
[SourceVersion "2"]
[SourceVersionDate "2010.07.15"]
[SourceQuality "1"]

1. d4 Nf6 2. c4 e6 3. Nc3 Bb4 4. Nf3 b6 5. Qb3 c5 6. Bg5 Nc6 7. e3 0-0 8. a3 Bxc3+ 9. Qxc3 h6 10. Bh4 cxd4 11. Nxd4 Bb7 12. Nf3 Rc8 13. Be2 Nb8 14. 0-0 d5 15. Rfd1 Nbd7 16. b4 Qe8 17. Qb3 dxc4 18. Bxc4 Bxf3 19. gxf3 Ne5 20. Be2 Qc6 21. e4 Qc2 22. Qa2 Nh5 23. Bg3 Ng6 24. Qxc2 Rxc2 25. Ba6 Nhf4 26. Rdc1 Rxc1+ 27. Rxc1 Rd8 28. Rc8 Rxc8 29. Bxc8 Kf8 30. Kf1 Ke7 31. Ke1 h5 32. h4 e5 33. Kf1 Kd6 34. Ba6 Nf8 35. Bc4 f6 36. Ke1 g5 37. Bf7 N8g6 38. hxg5 fxg5 39. Kd2 h4 40. Bh2 Nf8 41. Bb3 N8e6 42. Bd1 Nd4 43. Ke3 Nb5 44. a4 Nd4 45. Kd2 Nc6 46. Kc3 Nh3 47. Be2 Nd4 48. Kd2 Nxf2 49. Bg1 Nh3 50. Be3 Nf4 51. Bd1 Ke6 52. Kc3 h3 0-1

[Event "Mesa Copper State-B"]
[Site "Mesa"]
[Date "2010.06.04"]
[Round "1"]
[White "Holt, Conrad"]
[Black "Harmon, Leland"]
[Result "1/2-1/2"]
[WhiteElo "2375"]
[BlackElo "2062"]
[PlyCount "83"]
[EventDate "2010.06.04"]
[EventType "swiss"]
[EventRounds "9"]
[EventCountry "USA"]
[SourceTitle "CBM 136 Extra"]
[Source "ChessBase"]
[SourceDate "2010.07.02"]
[SourceVersion "2"]
[SourceVersionDate "2010.07.15"]
[SourceQuality "1"]

1. d4 Nf6 2. c4 e6 3. Nc3 Bb4 4. Qc2 0-0 5. e4 d6 6. Bd3 e5 7. Nge2 Re8 8. 0-0 Nbd7 9. Nd5 Nxd5 10. exd5 exd4 11. Bxh7+ Kh8 12. Nxd4 Qh4 13. Nb5 Ba5 14. Bd3 a6 15. Nc3 Ne5 16. Be2 Bg4 17. Bf4 Bxe2 18. Nxe2 Ng6 19. Be3 Re5 20. h3 Rae8 21. Nd4 Qh5 22. Qd1 Qxd1 23. Rfxd1 Re4 24. Rac1 Bb6 25. Kf1 Kg8 26. Nf5 Bxe3 27. Nxe3 b6 28. Rc3 Nf4 29. b4 g6 30. h4 Nh5 31. Ra3 Rxh4 32. g3 Rhe4 33. Kg2 f5 34. Rxa6 Nxg3 35. Ra7 R8e7 36. c5 Nh5 37. cxd6 cxd6 38. Rxe7 Rxe7 39. Rd4 b5 40. Nc2 Ra7 41. Rh4 Nf6 42. Nd4 1/2-1/2